Intermediate Accounting/ (Record no. 14487)

000 -LEADER
fixed length control field 00765nam a22002297a 4500
008 - FIXED-LENGTH DATA ELEMENTS--GENERAL INFORMATION
fixed length control field 161003b xxu||||| |||| 00| 0 eng d
020 ## - INTERNATIONAL STANDARD BOOK NUMBER
International Standard Book Number 9780470839805
050 ## - LIBRARY OF CONGRESS CALL NUMBER
Classification number HF 5635 .K56 2007
100 ## - MAIN ENTRY--PERSONAL NAME
Personal name Keiso, Donald E.
245 ## - TITLE STATEMENT
Title Intermediate Accounting/
Statement of responsibility, etc. Donald E. Kieso, Jerry J. Weygandt, Terry D. Warfield, Nicola M. Young and Irene M. Wiecek
250 ## - EDITION STATEMENT
Edition statement 8th ed.
260 ## - PUBLICATION, DISTRIBUTION, ETC. (IMPRINT)
Place of publication, distribution, etc. Canada:
Name of publisher, distributor, etc. John Wiley & Sons,
Date of publication, distribution, etc. 2007
300 ## - PHYSICAL DESCRIPTION
Extent xviii, 1513p. :
Other physical details ill. ;
440 ## - SERIES STATEMENT/ADDED ENTRY--TITLE
Number of part/section of a work 2
Name of part/section of a work Vol 1 and Vol 2
Volume/sequential designation Vol 2
500 ## - GENERAL NOTE
General note Includes index.
650 ## - SUBJECT ADDED ENTRY--TOPICAL TERM
Topical term or geographic name as entry element Accounting
General subdivision Textbooks
700 ## - ADDED ENTRY--PERSONAL NAME
Personal name Weygandt, Jerry J.
700 ## - ADDED ENTRY--PERSONAL NAME
Personal name Warfield, Terry D.
700 ## - ADDED ENTRY--PERSONAL NAME
Personal name Young, Nicola M.
700 ## - ADDED ENTRY--PERSONAL NAME
Personal name Wiecek, Irene M.
942 ## - ADDED ENTRY ELEMENTS (KOHA)
Source of classification or shelving scheme
Koha item type Hard Covered Materials
Classification part HF 5635 .K56 2007
Koha issues (borrowed), all copies 1
Holdings
Withdrawn status Lost status Source of classification or shelving scheme Damaged status Not for loan Home library Current library Shelving location Date acquired Source of acquisition Total Checkouts Full call number Barcode Date last seen Date last checked out Price effective from Koha item type
          MACHAKOS UNIVERSITY LIBRARY MACHAKOS UNIVERSITY LIBRARY Open shelf 03/10/2016 Donation (BFA) 1 HF 5635 .K56 2007 26283 06/06/2019 24/05/2018 03/10/2016 Hard Covered Materials
© Machakos University Library, Along The Highway, Machakos Wote Rd, Machakos, Kenya P.O. Box 136 - 90100 Machakos - Kenya

Tel: ( +254 ) 723 805829 OR Fax : 044-20353 OR Email: library@mksu.ac.ke